000 00619nam a22002177a 4500
003 UA-OsUOA
001 39700
007 ta
008 20080516b un ||||| |||| 00| 0 ukr d
090 _a082
_bУ45
942 _cBK
040 _aUA-OsUOA
_bukr
_cUA-OsUOA
_dUA-OsUOA
245 _aУкраїна в Центрально-Східній Європі (з найдавніших часів до кінця ХVIII ст.)
_bВипуск 7
300 _a411 с.
955 _a1
041 _aukr
080 _a082
260 _aК.
_bІнститут історії України
_c2007
650 7 _2UDC
999 _c438209
_d438209